Statistics for Largest Cities in Washington State by Area (2024) - 10+ square miles

Click here to take the quiz!

General Stats

  • This quiz has been taken 5 times
  • The average score is 34 of 45

Answer Stats

Miles (squared)CountyCity% Correct
33.46KingBellevue
100%
27.69WhatcomBellingham
100%
28.48KitsapBremerton
100%
33.20SnohomishEverett
100%
27.45BentonKennewick
100%
17.81KingKirkland
100%
18.24ThurstonOlympia
100%
33.92FranklinPasco
100%
16.57KingRedmond
100%
23.45KingRenton
100%
83.86KingSeattle
100%
68.76SpokaneSpokane
100%
37.72SpokaneSpokane Valley
100%
49.76PierceTacoma
100%
13.71Walla WallaWalla Walla
100%
27.80YakimaYakima
100%
29.57King, PierceAuburn
75%
13.63King, SnohomishBothell
75%
10.04KingBurien
75%
14.07ClarkCamas
75%
22.30KingFederal Way
75%
12.13KingIssaquah
75%
33.75KingKent
75%
17.10ThurstonLacey
75%
14.84CowlitzLongview
75%
20.75SnohomishMarysville
75%
17.89GrantMoses Lake
75%
10.71ClallamPort Angeles
75%
10.67WhitmanPullman
75%
14.13PiercePuyallup
75%
39.22BentonRichland
75%
20.43KingSammamish
75%
48.74ClarkVancouver
75%
10.11ChelanWenatchee
75%
10.87Grays HarborAberdeen
50%
11.70SkagitAnacortes
50%
17.06PierceLakewood
50%
12.30SkagitMount Vernon
50%
11.63KingShoreline
50%
17.43ThurstonTumwater
50%
27.61KitsapBainbridge Island
25%
10.43GrantEphrata
25%
10.38Grays HarborMontesano
25%
22.11BentonWest Richland
25%
10.06KingSeaTac
0%

Score Distribution

Percentile by Number Answered

Percent of People with Each Score

Your Score History

You have not taken this quiz